<?xml version="1.0" encoding="UTF-8"?>
<collection xmlns="http://www.loc.gov/MARC21/slim">
 <record>
  <leader>02871nam a22003377a 4500</leader>
  <controlfield tag="001">NCT_86378</controlfield>
  <controlfield tag="008">201009b        xxu||||| |||| 00| 0 vie d</controlfield>
  <datafield tag="999" ind1=" " ind2=" ">
   <subfield code="c">4259</subfield>
   <subfield code="d">4259</subfield>
  </datafield>
  <datafield tag="020" ind1=" " ind2=" ">
   <subfield code="a">9786046633778</subfield>
   <subfield code="c">75000</subfield>
  </datafield>
  <datafield tag="082" ind1="0" ind2="4">
   <subfield code="2">23rd ed.</subfield>
   <subfield code="a">519</subfield>
   <subfield code="b">D513</subfield>
  </datafield>
  <datafield tag="100" ind1="1" ind2=" ">
   <subfield code="a">Nguyễn Phan Dũng</subfield>
   <subfield code="e">Chủ biên</subfield>
  </datafield>
  <datafield tag="245" ind1="1" ind2="0">
   <subfield code="a">Xác suất và thống kê</subfield>
   <subfield code="c">Nguyễn Phan Dũng (Chủ biên.) ; Quách Thị Sen, Phạm Thị Hồng Cẩm (Biên soạn)</subfield>
  </datafield>
  <datafield tag="260" ind1=" " ind2=" ">
   <subfield code="a">H.</subfield>
   <subfield code="b">Y học</subfield>
   <subfield code="c">2018</subfield>
  </datafield>
  <datafield tag="300" ind1=" " ind2=" ">
   <subfield code="a">215 tr.</subfield>
   <subfield code="b">Minh họa</subfield>
   <subfield code="c">27cm</subfield>
  </datafield>
  <datafield tag="500" ind1=" " ind2=" ">
   <subfield code="a">ĐTTS ghi: Trường Đại học Dược Hà Nội. Bộ môn Toán - Tin</subfield>
  </datafield>
  <datafield tag="520" ind1="3" ind2=" ">
   <subfield code="a">Trình bày lý thuyết xác suất: Các khái niệm cơ bản, biến ngẫu nhiên, quy luật phân phối xác suất của biến ngẫu nhiên. Khái quát nội dung thống kê toán học: Lý thuyết mẫu, ước lượng tham số thống kê, kiểm định giả thuyết thống kê, tương quan và hồi quy</subfield>
  </datafield>
  <datafield tag="653" ind1=" " ind2=" ">
   <subfield code="a">Y đa khoa</subfield>
  </datafield>
  <datafield tag="700" ind1="1" ind2=" ">
   <subfield code="a">Quách Thị Sen</subfield>
   <subfield code="e">Biên soạn</subfield>
  </datafield>
  <datafield tag="700" ind1="1" ind2=" ">
   <subfield code="a">Phạm Thị Hồng Cẩm</subfield>
   <subfield code="e">Biên soạn</subfield>
  </datafield>
  <datafield tag="942" ind1=" " ind2=" ">
   <subfield code="2">ddc</subfield>
   <subfield code="c">BK</subfield>
  </datafield>
  <datafield tag="952" ind1=" " ind2=" ">
   <subfield code="0">0</subfield>
   <subfield code="1">0</subfield>
   <subfield code="2">ddc</subfield>
   <subfield code="4">0</subfield>
   <subfield code="6">519_000000000000000_D513</subfield>
   <subfield code="7">0</subfield>
   <subfield code="9">20584</subfield>
   <subfield code="a">000001</subfield>
   <subfield code="b">000001</subfield>
   <subfield code="d">2020-10-09</subfield>
   <subfield code="o">519 D513</subfield>
   <subfield code="p">MD.17908</subfield>
   <subfield code="r">2020-10-09</subfield>
   <subfield code="v">75000.00</subfield>
   <subfield code="w">2020-10-09</subfield>
   <subfield code="y">BK</subfield>
  </datafield>
  <datafield tag="952" ind1=" " ind2=" ">
   <subfield code="0">0</subfield>
   <subfield code="1">0</subfield>
   <subfield code="2">ddc</subfield>
   <subfield code="4">0</subfield>
   <subfield code="6">519_000000000000000_D513</subfield>
   <subfield code="7">0</subfield>
   <subfield code="9">20585</subfield>
   <subfield code="a">000001</subfield>
   <subfield code="b">000001</subfield>
   <subfield code="d">2020-10-09</subfield>
   <subfield code="l">1</subfield>
   <subfield code="o">519 D513</subfield>
   <subfield code="p">MD.17909</subfield>
   <subfield code="r">2021-03-23</subfield>
   <subfield code="s">2021-03-10</subfield>
   <subfield code="v">75000.00</subfield>
   <subfield code="w">2020-10-09</subfield>
   <subfield code="y">BK</subfield>
  </datafield>
  <datafield tag="952" ind1=" " ind2=" ">
   <subfield code="0">0</subfield>
   <subfield code="1">0</subfield>
   <subfield code="2">ddc</subfield>
   <subfield code="4">0</subfield>
   <subfield code="6">519_000000000000000_D513</subfield>
   <subfield code="7">0</subfield>
   <subfield code="9">20586</subfield>
   <subfield code="a">000001</subfield>
   <subfield code="b">000001</subfield>
   <subfield code="d">2020-10-09</subfield>
   <subfield code="o">519 D513</subfield>
   <subfield code="p">MD.17910</subfield>
   <subfield code="r">2020-10-09</subfield>
   <subfield code="v">75000.00</subfield>
   <subfield code="w">2020-10-09</subfield>
   <subfield code="y">BK</subfield>
  </datafield>
  <datafield tag="952" ind1=" " ind2=" ">
   <subfield code="0">0</subfield>
   <subfield code="1">0</subfield>
   <subfield code="2">ddc</subfield>
   <subfield code="4">0</subfield>
   <subfield code="6">519_000000000000000_D513</subfield>
   <subfield code="7">0</subfield>
   <subfield code="9">20587</subfield>
   <subfield code="a">000001</subfield>
   <subfield code="b">000001</subfield>
   <subfield code="d">2020-10-09</subfield>
   <subfield code="l">2</subfield>
   <subfield code="m">1</subfield>
   <subfield code="o">519 D513</subfield>
   <subfield code="p">MD.17911</subfield>
   <subfield code="r">2021-05-20</subfield>
   <subfield code="s">2021-05-04</subfield>
   <subfield code="v">75000.00</subfield>
   <subfield code="w">2020-10-09</subfield>
   <subfield code="y">BK</subfield>
  </datafield>
  <datafield tag="952" ind1=" " ind2=" ">
   <subfield code="0">0</subfield>
   <subfield code="1">0</subfield>
   <subfield code="2">ddc</subfield>
   <subfield code="4">0</subfield>
   <subfield code="6">519_000000000000000_D513</subfield>
   <subfield code="7">0</subfield>
   <subfield code="9">20588</subfield>
   <subfield code="a">000001</subfield>
   <subfield code="b">000001</subfield>
   <subfield code="d">2020-10-09</subfield>
   <subfield code="l">1</subfield>
   <subfield code="o">519 D513</subfield>
   <subfield code="p">MD.17912</subfield>
   <subfield code="r">2021-05-14</subfield>
   <subfield code="s">2021-05-04</subfield>
   <subfield code="v">75000.00</subfield>
   <subfield code="w">2020-10-09</subfield>
   <subfield code="y">BK</subfield>
  </datafield>
  <datafield tag="952" ind1=" " ind2=" ">
   <subfield code="0">0</subfield>
   <subfield code="1">0</subfield>
   <subfield code="2">ddc</subfield>
   <subfield code="4">0</subfield>
   <subfield code="6">519_000000000000000_D513</subfield>
   <subfield code="7">0</subfield>
   <subfield code="9">20589</subfield>
   <subfield code="a">000001</subfield>
   <subfield code="b">000001</subfield>
   <subfield code="d">2020-10-09</subfield>
   <subfield code="l">1</subfield>
   <subfield code="o">519 D513</subfield>
   <subfield code="p">MD.17913</subfield>
   <subfield code="q">2022-03-02</subfield>
   <subfield code="r">2022-02-16</subfield>
   <subfield code="s">2022-02-16</subfield>
   <subfield code="v">75000.00</subfield>
   <subfield code="w">2020-10-09</subfield>
   <subfield code="y">BK</subfield>
  </datafield>
  <datafield tag="952" ind1=" " ind2=" ">
   <subfield code="0">0</subfield>
   <subfield code="1">0</subfield>
   <subfield code="2">ddc</subfield>
   <subfield code="4">0</subfield>
   <subfield code="6">519_000000000000000_D513</subfield>
   <subfield code="7">0</subfield>
   <subfield code="9">20590</subfield>
   <subfield code="a">000001</subfield>
   <subfield code="b">000001</subfield>
   <subfield code="d">2020-10-09</subfield>
   <subfield code="o">519 D513</subfield>
   <subfield code="p">MD.17914</subfield>
   <subfield code="r">2020-10-09</subfield>
   <subfield code="v">75000.00</subfield>
   <subfield code="w">2020-10-09</subfield>
   <subfield code="y">BK</subfield>
  </datafield>
  <datafield tag="952" ind1=" " ind2=" ">
   <subfield code="0">0</subfield>
   <subfield code="1">0</subfield>
   <subfield code="2">ddc</subfield>
   <subfield code="4">0</subfield>
   <subfield code="6">519_000000000000000_D513</subfield>
   <subfield code="7">0</subfield>
   <subfield code="9">20591</subfield>
   <subfield code="a">000001</subfield>
   <subfield code="b">000001</subfield>
   <subfield code="d">2020-10-09</subfield>
   <subfield code="l">1</subfield>
   <subfield code="o">519 D513</subfield>
   <subfield code="p">MD.17915</subfield>
   <subfield code="r">2020-12-17</subfield>
   <subfield code="s">2020-12-08</subfield>
   <subfield code="v">75000.00</subfield>
   <subfield code="w">2020-10-09</subfield>
   <subfield code="y">BK</subfield>
  </datafield>
  <datafield tag="952" ind1=" " ind2=" ">
   <subfield code="0">0</subfield>
   <subfield code="1">0</subfield>
   <subfield code="2">ddc</subfield>
   <subfield code="4">0</subfield>
   <subfield code="6">519_000000000000000_D513</subfield>
   <subfield code="7">0</subfield>
   <subfield code="9">20592</subfield>
   <subfield code="a">000001</subfield>
   <subfield code="b">000001</subfield>
   <subfield code="d">2020-10-09</subfield>
   <subfield code="l">1</subfield>
   <subfield code="o">519 D513</subfield>
   <subfield code="p">MD.17916</subfield>
   <subfield code="r">2020-11-26</subfield>
   <subfield code="s">2020-11-16</subfield>
   <subfield code="v">75000.00</subfield>
   <subfield code="w">2020-10-09</subfield>
   <subfield code="y">BK</subfield>
  </datafield>
  <datafield tag="952" ind1=" " ind2=" ">
   <subfield code="0">0</subfield>
   <subfield code="1">0</subfield>
   <subfield code="2">ddc</subfield>
   <subfield code="4">0</subfield>
   <subfield code="6">519_000000000000000_D513</subfield>
   <subfield code="7">0</subfield>
   <subfield code="9">20593</subfield>
   <subfield code="a">000001</subfield>
   <subfield code="b">000001</subfield>
   <subfield code="d">2020-10-09</subfield>
   <subfield code="l">2</subfield>
   <subfield code="o">519 D513</subfield>
   <subfield code="p">MD.17917</subfield>
   <subfield code="r">2021-04-20</subfield>
   <subfield code="s">2021-04-06</subfield>
   <subfield code="v">75000.00</subfield>
   <subfield code="w">2020-10-09</subfield>
   <subfield code="y">BK</subfield>
  </datafield>
  <datafield tag="980" ind1=" " ind2=" ">
   <subfield code="a">Thư viện Trường Đại học Nam Cần Thơ</subfield>
  </datafield>
 </record>
</collection>
